000 00359nam a22001457a 4500
005 20250531172742.0
008 250531b |||||||| |||| 00| 0 eng d
020 _a9780849917608
050 _aBV 4501
_b.3 LUC
100 _aLUCADO, MAX
245 _aNEXT DOOR SAVIOR;
260 _aNEW YORK
_bW PUBLISHING GROUP
_cc2005
300 _a212p
942 _2lcc
_cBK
_n0
999 _c6112
_d6112